| 000 | 00000nas 2200000za 4500 |
| 001 | 9.839726 |
| 003 | CaOODSP |
| 005 | 20250123155515 |
| 007 | cr ||||||||||| |
| 008 | 170714c20179999oncar pso||||f0 b0fre|d |
| 022 | |a2560-9793 |
| 040 | |aCaOODSP|bfre |
| 043 | |an-cn--- |
| 086 | 1 |aP115-7F-PDF |
| 110 | 1 |aCanada. |bServices partagés Canada. |
| 222 | 0|aRapport sur les résultats ministériels |b(Canada. Services partagés Canada ) |
| 245 | 10|aRapport sur les résultats ministériels |h[ressource électronique] / |cServices partagés Canada. |
| 246 | 3 |aRapport sur les résultats ministériels ... de Services partagés Canada |
| 260 | |a[Ottawa] : |bServices partagés Canada, |cc2017- |
| 310 | |aAnnuel |
| 362 | 0 |aParaît depuis : 2016/2017. |
| 500 | |aPubl. aussi en anglais sous le titre : Departmental results report. |
| 692 | 07|2gccst|aServices gouvernementaux |
| 692 | 07|2gccst|aServices techniques |
| 692 | 07|2gccst|aÉvaluation du rendement |
| 775 | 08|tDepartmental results report |w(CaOODSP)9.839724 |
| 780 | 00|tRapport ministériel sur le rendement |w(CaOODSP)9.504074 |